|
|
|
|
| LEADER |
00000nab a2200000 a 4500 |
| 001 |
vtls009178298 |
| 003 |
SK-MaSNL |
| 005 |
20260426093817.0 |
| 008 |
140512c20071023xo dr|p|||||||000 b|slo |
| 015 |
|
|
|a SNBRB2008/01
|2 snkbucl
|
| 040 |
|
|
|a SNKBUCL
|b slo
|c SNKBUCL
|e AACR2
|
| 041 |
0 |
|
|a slo
|
| 044 |
|
|
|a xo
|c SK
|
| 080 |
|
|
|a 314.18
|x (437.6)
|2 2001
|
| 080 |
|
|
|a 314.742
|2 2001
|
| 100 |
1 |
|
|a Bleha, Branislav,
|d 1977-
|4 aut
|9 206398
|
| 245 |
1 |
0 |
|a Imigrantov potrebujeme
|c Branislav Bleha
|
| 300 |
|
|
|b Fotogr.
|
| 500 |
|
|
|a Od 15.1.2007 návrat k pôvodnému vročeniu
|
| 650 |
0 |
7 |
|a demografia
|2 snkbucl
|9 3827
|
| 650 |
0 |
7 |
|a imigranti
|2 snkbucl
|9 994
|
| 651 |
|
7 |
|a Slovensko
|2 snkbucl
|9 14231
|
| 773 |
0 |
|
|t Sme
|g Roč. 15, č. 244 (23.10.2007)
|x 1335-440X
|
| 773 |
0 |
8 |
|t Kultúra
|g S. 35
|
| 852 |
|
|
|a SNK
|b KIS3GCP
|
| 999 |
|
|
|c 3116983
|d 3118913
|